| 000 | 00616nam a2200241Ia 4500 | ||
|---|---|---|---|
| 008 | 160803s9999 xx 000 0 und d | ||
| 020 | _a9780684802985 | ||
| 100 | _aCussler, Clive. | ||
| 245 | _aFlood tide : | ||
| 245 | _cClive Cussler. | ||
| 260 | _aNew York : | ||
| 260 | _bScholastic Inc. | ||
| 260 | _c1997 | ||
| 300 | _a511 pages : | ||
| 300 | _billustrations, maps ; | ||
| 300 | _c25 cm. | ||
| 440 | _aDirk Pitt adventures : | ||
| 440 | _vbk. 4. | ||
| 650 | _aPitt, Dirk (Fictitious character) | ||
| 650 | _aPitt, Dirk (Fictitious character) -- | ||
| 650 | _xFiction. | ||
| 700 | _a1040 | ||
| 999 |
_c298405 _d298405 |
||